Responses for show #2557 - Tuesday, October 17, 1995

Paul Thompson game 3.

Contestants

[<< previous game]

John Keane, a lawyer from the Bronx, New York

Suzanne Evans, an editor originally from Lockhart, Texas

Paul Thompson, a personnel manager from Cheverly, Maryland (whose 2-day cash winnings total $20,000)

[next game >>]

Jeopardy! Round responses

GOVERNMENT
MUSICAL FILMS
SICKNESS & HEALTH
DESSERTS
WORD ORIGINS
EUROPEAN POTPOURRI
    $100 1
the honeymoon period

John
    $100 11
West Side Story

Paul
    $100 21
China

Paul
    $100 22
sugar

Suzanne
    $100 2
elegy

Paul
    $100 16
Iceland

Paul
    $200 3
the Tennessee Valley Authority

John
    $200 12
Sweet Charity

Paul
    $200 28
red blood cells

John
    $200 23
mousse

Paul
    $200 4
memento

Paul
    $200 17
the Bodleian

John
    $300 5
(John: What is the vice president?)

the Secretary of State

SuzanneJohn
    $300 13
Fiddler on the Roof

Paul
    $300 29
tetanus

Suzanne
    $300 24
(Paul: Uh, what is a Bundt cake?)

marble cake

PaulSuzanne
    $300 6
indigo

Paul
    $300 18
downhill skiing

Paul
    $400 9
the Gulf of Tonkin Resolution

Paul
    $400 14
All That Jazz

Paul
    $400 27
the kidneys

Paul
    $400 25
apple

Triple Stumper
    $400 7
mazurka

Paul
    $400 19
(Paul: What is cheers?)
(Suzanne: What is thank you?)

the national anthem

PaulSuzanne
Triple Stumper
    $800 10
the Department of Transportation

Paul
    $500 15
Little Shop of Horrors

John
    $500 30
the palate

John
    $500 26
bavarois (Bavarian)

Suzanne
    $500 8
the peony

Paul
    $500 20
Spain

John

Scores at the first commercial break (after clue 15):

Paul Suzanne John
$3,700 $300 $500

Scores at the end of the Jeopardy! Round:

Paul Suzanne John
$4,100 $1,100 $1,900

Double Jeopardy! Round responses

RELIGION
LITERARY SEQUELS
FOREIGN ARCHITECTURE
NOTABLE WOMEN
AMERICAN HISTORY
WORLD GEOGRAPHY
    $200 3
the Star of David

Paul
    $200 6
Catch-22

Paul
    $200 21
(Suzanne: What is a torii?)

a pagoda

PaulSuzanne
    $200 22
(Paul: Uh, who is Imelda Marcos?)

Corazon Aquino

PaulSuzanne
    $200 9
Andrew Johnson

Paul
    $200 1
the Bahamas

Suzanne
    $400 4
Muhammad

John
    $400 17
Beggarman, Thief

Paul
    $400 27
(Alex: We have less than a minute to go.)

clay

Suzanne
    $400 23
the Queen Mother

John
    $400 10
South Dakota

Paul
    $400 2
the Sahara

Paul
    $600 7
the Book of Mormon

Paul
    $600 18
Peyton Place

Paul
    $600 30
(John: What is wattle?)
(Suzanne: What is dungeon?)

Bailey

SuzanneJohn
Triple Stumper
    $600 26
Georgia O'Keeffe

Paul
    $600 11
Harry Truman

Paul
    $600 14
(John: What is the Ionian Sea?)
(Suzanne: What is Tyrrhenian Sea?)

the Mediterranean

PaulSuzanneJohn
    $800 5
Hinduism

Suzanne
    $800 19
All Quiet on the Western Front

Paul
    $800 29
a rampart

Suzanne
    $800 25
Montessori

Paul
    $1,500 12
the Pure Food and Drug Act

Paul
    $800 15
Tasmania

Paul
    $1000 8
Lutheranism

Paul
    $1000 20
Alexandra Ripley

Suzanne
    $1000 28
column

Triple Stumper
    $1000 24
Benazir Bhutto

Suzanne
    $1000 13
the United Mine Workers

Paul
    $2,000 16
Finland

Paul

Scores at the end of the Double Jeopardy! Round:

Paul Suzanne John
$16,800 $4,100 $1,500
(lock game)

[wagering suggestions for these scores]

Final Jeopardy! Round responses

U.S. STATES
(Alex: [To Suzanne] Mount Whitney and Death Valley.)
JohnWhat is Colorado?
$1,500
SuzanneWhat is California?
$2,900
PaulWhat is California?
$6,800
California

Final scores:

Paul Suzanne John
$23,600 $7,000 $0
3-day champion: $43,600 2nd place: Bassett dining room set & RCR crystal stemware + GameTek Jeopardy! 3rd place: Oneida gift certificate + GameTek Jeopardy!

Game dynamics:

Coryat scores:

Paul Suzanne John
$14,800 $4,100 $1,500
35 R
(including 3 DDs),
3 W
12 R,
4 W
9 R,
3 W

Combined Coryat: $20,400

The J! Archive is created by fans, for fans. Scraping, republication, monetization, and malicious use prohibited; this site may use cookies and collect identifying information. See terms. The Jeopardy! game show and all elements thereof, including but not limited to copyright and trademark thereto, are the property of Jeopardy Productions, Inc. and are protected under law. This website is not affiliated with, sponsored by, or operated by Jeopardy Productions, Inc. Join the discussion at JBoard.tv.